000
00244nam a2200097Ia 4500
001
643447
005
20250826153546.0
008
250824s9999 xx 000 0 und d
245
0
_a
ESRARENGİZ BİLGİN
_c
İSMAİL BİLGİN
260
_b
GENÇ TİMAŞ
999
_c
643447
_d
643447